00787nam a2200277Ia 4500008004100000020001800041050001000059050001300069100001700082245002800099245010400127245002000231260001800251260001700269260000900286300001900295300002000314300001000334500004000344650002500384650002800409650002000437650002200457700001100479999001900490170711s9999 xx 000 0 und d a9780071289672 a658.8 bK39 2011 aKerpen, Dave aLikeable social media : bhow to delight your customers, create an irresistible brand, and be generally amazing on facebook / cby Dave Kerpen. aPhilippines : bMcGraw Hill, c2011 ax, 260 pages : billustrations ; c23cm. aIncludes appendix, notes and index. aInternet marketing.  aOnline social networks. aSocial media -- xEconomic aspects. aTitle. c339830d339830